| Tag |
First Indicator |
Second Indicator |
Subfields |
| LEADER |
00000cam a2200000Ia 4500 |
| 001 |
in00002425135 |
| 006 |
m d |
| 007 |
cr cn||||||||| |
| 008 |
070806s2001 enka sb 001 0 eng d |
| 005 |
20260609193421.4 |
| 020 |
|
|
|a 9780750650540
|
| 020 |
|
|
|a 0750650540
|
| 035 |
|
|
|a (OCoLC)162590151
|
| 037 |
|
|
|a 95120:95119
|b Elsevier Science & Technology
|n http://www.sciencedirect.com
|
| 040 |
|
|
|a OPELS
|c OPELS
|d UtOrBLW
|
| 041 |
0 |
|
|a eng
|
| 049 |
|
|
|a TEFA
|
| 050 |
1 |
4 |
|a TL255
|b .R44 2001eb
|
| 082 |
0 |
4 |
|a 629.24
|2 22
|
| 100 |
1 |
|
|a Reimpell, Jörnsen.
|
| 245 |
1 |
4 |
|a The automotive chassis :
|b engineering principles : chassis and vehicle overall, wheel suspensions and types of drive, axle kinematics and elastokinematics, steering, springing, tyres, construction and calculations advice.
|
| 250 |
|
|
|a 2nd ed. /
|b Jörnsen Reimpell, Helmut Stoll, Jürgen W. Betzler / translated from the German by AGET Limited.
|
| 264 |
|
1 |
|a Oxford :
|b Butterworth Heinemann,
|c 2001.
|
| 300 |
|
|
|a 1 online resource (x, 444 pages) :
|b illustrations
|
| 336 |
|
|
|a text
|b txt
|2 rdacontent
|
| 337 |
|
|
|a computer
|b c
|2 rdamedia
|
| 338 |
|
|
|a online resource
|b cr
|2 rdacarrier
|
| 520 |
|
|
|a This comprehensive overview of chassis technology presents an up-to-date picture for vehicle construction and design engineers in education and industry. The book acts as an introduction to the engineering design of the automobile's fundamental mechanical systems. Clear text and first class diagrams are used to relate basic engineering principles to the particular requirements of the chassis. In addition, the 2nd edition of 'The Automotive Chassis' has a new author team and has been completely updated to include new technology in total vehicle and suspension design, including platform concept and four-wheel drive technology.
|
| 505 |
0 |
|
|a Nomenclature and units * Types of acclerating and wheel suspension * Tyres and wheels * Dynamics of axle and flexible components * Steering linkage * Springs and damping * Chassis and centre of gravity.
|
| 500 |
|
|
|a Previous edition: / by Jörnsen Reimpell and Helmut Stoll. London : Arnold, 1996.
|
| 504 |
|
|
|a Includes bibliographical references and index.
|
| 505 |
0 |
|
|a Types of suspension and drive -- Tyres and wheels -- Wheel travel and elastokinematics -- Steering -- Springing -- Chassis and vehicle overall.
|
| 500 |
|
|
|a Electronic resource.
|
| 650 |
|
0 |
|a Motor vehicles
|x Chassis
|x Design and construction.
|
| 655 |
|
7 |
|a Electronic books.
|2 local
|
| 700 |
1 |
|
|a Stoll, Helmut,
|d 1948-
|
| 700 |
1 |
|
|a Betzler, Jürgen W.
|
| 730 |
0 |
|
|a Referex.
|
| 776 |
1 |
|
|c Original
|z 0750650540
|z 9780750650540
|w (OCoLC)47150202
|
| 856 |
4 |
0 |
|u http://proxy.library.tamu.edu/login?url=https://www.sciencedirect.com/science/book/9780750650540
|z Connect to the full text of this electronic book
|t 0
|
| 994 |
|
|
|a C0
|b TEF
|
| 999 |
|
|
|a MARS
|
| 999 |
f |
f |
|s 98f32f99-3930-38b2-9083-70786fc25d23
|i 4c8a770f-2e1a-3c99-8cad-80bb1f9e51bf
|t 0
|
| 952 |
f |
f |
|a Texas A&M University
|b College Station
|c Electronic Resources
|s www_evans
|d Available Online
|t 0
|e TL255 .R44 2001eb
|h Library of Congress classification
|
| 998 |
f |
f |
|a TL255 .R44 2001eb
|t 0
|l Available Online
|